00620 a2200157 4500010001400000020002300014035001300037037001800050082000800068100001700076245014100093260004500234270013200279300002500411650002600436 aENG-85707 c245.00a8178123646 aEN-69240 bD.B.Act / Pub14a150 aSanjay Kumar1 aR. Gupta's popular master guide to objective psychologycby Sanjay Kumarba collection of highly useful questions for competitive exams aNew DelhibRamesh Publishing Housec2008 a12-H, New Darya Ganj Road, Opp. Traffic KotwalibNew DelhicDelhi :e110002k23261647l23275124minfo@rameshpublishinghouse.com a182 p.c24 cm (pbk) aPsychologyxobjective